000 00751nam a22002177a 4500
003 OSt
005 20251203114436.0
008 251203b |||||||| |||| 00| 0 eng d
020 _a981-254-304-X
040 _aDWC-Main lib.
_cOC
082 _26th ed., Thomson Asian ed.
_aCirc. 530 J59p 2004
100 _aSerway, Raymond A.
245 _aPhysics for scientists and engineers :
_bwith modern physics/
_cRaymond A. Serway
260 _aSingapore :
_bThomson Learning Asia,
_cc2004.
300 _axxi, 1552 p. :
_c25 cm.
504 _aIncludes bibliographical references and index.
650 _a1. Physics.
700 _aJewett, John W. Jr.
760 _b6th ed., Thomson Asian ed.
942 _2ddc
_cBK-CIRC
_e6th ed., Thomson Asian ed.
_kCirc.
_n0
999 _c6759
_d6759